000 00911nam a2200301 a 4500
001 000039188
003 DO-SdBNP
005 20250115073228.0
007 ta
008 250115s2008 pr 000 j spa d
020 _a9780982071502
040 _aDO-SdBNP
_bspa
_cBNPHU
_erda
041 _hspa
082 _aRD863.44
_bG216s
_222
100 1 _aGarcía Cuevas, Eugenio
_eautor
_910813
245 1 0 _aSujetos y predicados :
_bel hijo de la mujer y diez cuentos más /
_cEugenio García Cuevas.
264 _aSan Juan, Puerto Rico :
_bIsla Negra,
_c2008
300 _a89 páginas ;
_c22 cm.
336 _ardacontent
_btexto
_2txt
337 _ardamedia
_bsin mediación
_2n
338 _ardacarrier
_bvolumen
_2nc
490 _aEl rostro y la máscara
590 _aInventariado, 2025/DG
650 0 _aCuentos dominicanos
_9176
650 0 _aLiteratura dominicana.
_967
910 _aDG
942 _2ddc
_cLBS1
999 _c58056
_d58056